[Event "FICGS rapid B 000391 email"]
[Site "FICGS email"]
[Date "2023.07.10"]
[Round "1"]
[White "Phillips, Wendell"]
[Black "Rodriguez Perez, Rene"]
[Result "0-1"]
[WhiteElo "1722"]
[BlackElo "2076"]
[PlyCount "50"]
[EventDate "2023.??.??"]
[EventType "tourn (rapid)"]
[EventRounds "6"]
[SourceTitle "Corr 2024"]
[Source "ChessBase"]
[SourceDate "2023.10.19"]
[SourceVersion "1"]
[SourceVersionDate "2023.10.19"]
[SourceQuality "1"]

1. e4 e6 2. d3 d5 3. Nd2 c5 4. c3 Nc6 5. Ngf3 Nf6 6. h3 Be7 7. Be2 Qc7 8. Qc2 0-0 9. Nf1 Nh5 10. Ng1 Nf4 11. Bxf4 Qxf4 12. Ng3 Bh4 13. Bf3 Ne5 14. Nh5 Qe3+ 15. Qe2 Nxd3+ 16. Kf1 Qxf2+ 17. Qxf2 Nxf2 18. Rh2 Nxe4 19. Bxe4 dxe4 20. Ke2 f5 21. g3 Be7 22. Nf4 g5 23. Ng2 f4 24. Kf2 fxg3+ 25. Kxg3 Bd6+ 0-1

[Event "FICGS class A 000266 email"]
[Site "FICGS email"]
[Date "2023.02.24"]
[Round "1"]
[White "Rodriguez Perez, Rene"]
[Black "Salonen, Jukka"]
[Result "1-0"]
[WhiteElo "2105"]
[BlackElo "2001"]
[PlyCount "79"]
[EventDate "2023.??.??"]
[EventType "tourn (corr)"]
[EventRounds "6"]
[SourceTitle "Corr 2024"]
[Source "ChessBase"]
[SourceDate "2023.10.19"]
[SourceVersion "1"]
[SourceVersionDate "2023.10.19"]
[SourceQuality "1"]

1. e4 e5 2. Nf3 Nc6 3. Bb5 a6 4. Bxc6 dxc6 5. 0-0 f6 6. d4 exd4 7. Nxd4 c5 8. Ne2 Qxd1 9. Rxd1 Bd7 10. Be3 0-0-0 11. Nbc3 Bd6 12. Bf4 Be6 13. Rd2 Ne7 14. Rad1 Bxf4 15. Nxf4 Rxd2 16. Rxd2 Bf7 17. Nfd5 Nc6 18. Ne3 Rd8 19. Rxd8+ Kxd8 20. f3 Kd7 21. Kf2 Be6 22. h4 Kd6 23. f4 Nd4 24. g4 b5 25. a3 Bc8 26. Ne2 Ke7 27. Nxd4 cxd4 28. Nf5+ Bxf5 29. gxf5 a5 30. b4 a4 31. Ke2 Kd6 32. h5 c5 33. bxc5+ Kxc5 34. e5 Kc6 35. Kd2 fxe5 36. fxe5 Kd5 37. e6 Kd6 38. c3 dxc3+ 39. Kxc3 g5 40. fxg6 1-0

[Event "FICGS W-ch st1 g01 email"]
[Site "FICGS email"]
[Date "2022.11.02"]
[Round "2"]
[White "Pech, Matej"]
[Black "Rodriguez Perez, Rene"]
[Result "1-0"]
[WhiteElo "1892"]
[BlackElo "2102"]
[PlyCount "115"]
[EventDate "2022.??.??"]
[EventType "tourn (corr)"]
[EventRounds "6"]
[SourceTitle "Corr 2024"]
[Source "ChessBase"]
[SourceDate "2023.10.19"]
[SourceVersion "1"]
[SourceVersionDate "2023.10.19"]
[SourceQuality "1"]

1. d4 e6 2. c4 d5 3. Nc3 Nf6 4. Nf3 c6 5. e3 Nbd7 6. Qc2 a6 7. b3 Bd6 8. Bb2 0-0 9. Bd3 e5 10. cxd5 exd4 11. Nxd4 cxd5 12. 0-0 Ne5 13. h3 Be6 14. Bf5 Re8 15. Rac1 Rc8 16. Qe2 Nc6 17. Nxe6 fxe6 18. Bb1 Qe7 19. f4 g6 20. e4 Nh5 21. Qg4 Rf8 22. Ne2 Nf6 23. Bxf6 Qxf6 24. Kh1 Bb8 25. h4 h5 26. Qg5 Kg7 27. g3 Qxg5 28. hxg5 Rcd8 29. e5 Ba7 30. Kg2 Be3 31. Rc3 d4 32. Rc4 d3 33. Nc3 Nxe5 34. fxe5 Rxf1 35. Kxf1 Bxg5 36. Ke1 Be7 37. Ne4 Rd5 38. Kd2 Rxe5 39. Bxd3 Rf5 40. Ke3 Ba3 41. Rc2 Bb4 42. Rc8 Rf7 43. Bc4 Re7 44. Kf3 Rf7+ 45. Kg2 Rf5 46. Rd8 b5 47. Bxe6 Re5 48. Rd7+ Kh6 49. Bd5 a5 50. Nf6 Kg5 51. Ne4+ Kh6 52. Bc6 Re6 53. Rh7+ Kxh7 54. Ng5+ Kg7 55. Nxe6+ Kf6 56. Nf4 Bd2 57. Kf3 b4 58. Be4 1-0

[Event "FICGS W-ch st1 g01 email"]
[Site "FICGS email"]
[Date "2022.11.02"]
[Round "1"]
[White "Rodriguez Perez, Rene"]
[Black "Pech, Matej"]
[Result "0-1"]
[WhiteElo "2102"]
[BlackElo "1892"]
[PlyCount "82"]
[EventDate "2022.??.??"]
[EventType "tourn (corr)"]
[EventRounds "6"]
[SourceTitle "Corr 2024"]
[Source "ChessBase"]
[SourceDate "2023.10.19"]
[SourceVersion "1"]
[SourceVersionDate "2023.10.19"]
[SourceQuality "1"]

1. e4 c5 2. Nf3 Nc6 3. d4 cxd4 4. Nxd4 Nf6 5. Nc3 e5 6. Ndb5 d6 7. Nd5 Nxd5 8. exd5 Nb8 9. c4 Be7 10. Nc3 0-0 11. Be2 f5 12. 0-0 Nd7 13. Be3 a5 14. b3 b6 15. f3 f4 16. Bf2 Qe8 17. Bd3 Nc5 18. Bxc5 bxc5 19. Qc2 Qh5 20. Ne4 Bf5 21. Nc3 g6 22. a3 Bd8 23. Kh1 Kh8 24. Rab1 Bb6 25. Na4 Ba7 26. Bxf5 gxf5 27. Nc3 Rf6 28. Qf2 Rg8 29. Qg1 Rh6 30. Na4 Qg5 31. Rb2 Qg3 32. Rbb1 Qg7 33. Rf2 Qg6 34. Rbf1 Rh4 35. Rb1 Qh6 36. Re2 Rg5 37. Ra2 Rgh5 38. h3 Rg5 39. Rf1 Bb8 40. Nc3 Bc7 41. Qh2 Rg3 0-1

[Event "FICGS rapid M 000137 email"]
[Site "FICGS email"]
[Date "2022.10.03"]
[Round "1"]
[White "Rodriguez Perez, Rene"]
[Black "Hallqvist, Niklas"]
[Result "0-1"]
[WhiteElo "2140"]
[BlackElo "2243"]
[PlyCount "98"]
[EventDate "2022.??.??"]
[EventType "tourn (rapid)"]
[EventRounds "6"]
[SourceTitle "Corr 2024"]
[Source "ChessBase"]
[SourceDate "2023.10.19"]
[SourceVersion "1"]
[SourceVersionDate "2023.10.19"]
[SourceQuality "1"]

1. e4 e6 2. d4 d5 3. Bd3 dxe4 4. Bxe4 c5 5. Ne2 Nf6 6. Bf3 Be7 7. Be3 Qc7 8. Bf4 Qb6 9. 0-0 Nc6 10. Nd2 0-0 11. Nc4 Qa6 12. b3 Rd8 13. Bc7 Rd7 14. Bg3 cxd4 15. a4 Rd8 16. Bc7 Rd7 17. Bg3 Nd5 18. Nxd4 Nc3 19. Qe1 Nxd4 20. Qxc3 Nxf3+ 21. Qxf3 f6 22. Rad1 e5 23. Ne3 Qc6 24. Qxc6 bxc6 25. Rxd7 Bxd7 26. Rd1 Be6 27. f3 Rc8 28. Kf1 Rb8 29. Bf2 Kf7 30. Ke2 h5 31. h3 a6 32. Rd3 Bb4 33. Be1 Ke7 34. Nf1 h4 35. Bxb4+ Rxb4 36. Nd2 c5 37. c4 Rb7 38. Re3 a5 39. Ne4 Rc7 40. Rd3 Bg8 41. Rd1 f5 42. Nf2 Rb7 43. Rd3 Bf7 44. Re3 Kf6 45. Kd2 g5 46. Kc3 Re7 47. Nd3 e4 48. fxe4 Rxe4 49. Rxe4 fxe4 0-1

[Event "FICGS rapid M 000132 email"]
[Site "FICGS email"]
[Date "2022.06.25"]
[Round "1"]
[White "Rodriguez Perez, Rene"]
[Black "Ozen, Bahadir"]
[Result "1/2-1/2"]
[WhiteElo "2128"]
[BlackElo "2294"]
[PlyCount "52"]
[EventDate "2022.??.??"]
[EventType "tourn (rapid)"]
[EventRounds "6"]
[SourceTitle "Corr 2024"]
[Source "ChessBase"]
[SourceDate "2023.10.19"]
[SourceVersion "1"]
[SourceVersionDate "2023.10.19"]
[SourceQuality "1"]

1. e4 c5 2. Nf3 d6 3. d4 cxd4 4. Qxd4 Nf6 5. Nc3 Nc6 6. Bb5 Bd7 7. Bxc6 Bxc6 8. Bg5 e6 9. 0-0-0 Be7 10. Kb1 0-0 11. Qd3 Rc8 12. h4 b5 13. e5 dxe5 14. Nxe5 Qxd3 15. Rxd3 Ba8 16. Nd7 Rfd8 17. Nxb5 Be4 18. Nxf6+ gxf6 19. Rxd8+ Bxd8 20. Be3 Bxc2+ 21. Ka1 a6 22. Nd6 Rc6 23. Nb7 Be7 24. Na5 Rc8 25. Rc1 e5 26. g3 Bf5 1/2-1/2

[Event "FICGS class A 000259 email"]
[Site "FICGS email"]
[Date "2022.06.21"]
[Round "1"]
[White "Swiatek, Janusz"]
[Black "Rodriguez Perez, Rene"]
[Result "1/2-1/2"]
[WhiteElo "2101"]
[BlackElo "2128"]
[PlyCount "63"]
[EventDate "2022.??.??"]
[EventType "tourn (corr)"]
[EventRounds "6"]
[SourceTitle "Corr 2024"]
[Source "ChessBase"]
[SourceDate "2023.10.19"]
[SourceVersion "1"]
[SourceVersionDate "2023.10.19"]
[SourceQuality "1"]

1. d4 e6 2. e4 d5 3. Nc3 Nf6 4. e5 Nfd7 5. f4 c5 6. Nf3 Nc6 7. Be3 a6 8. Qd2 Be7 9. dxc5 Nxc5 10. h4 Qa5 11. a3 b5 12. Nd4 Nxd4 13. Bxd4 b4 14. Na2 Ne4 15. axb4 Bxh4+ 16. Kd1 Qd8 17. Qd3 Bf2 18. Rh3 Rb8 19. Rf3 Qh4 20. Kc1 Be1 21. Be3 Bd7 22. b3 Qe7 23. Qd4 0-0 24. Kb2 Bxb4 25. Nxb4 Rxb4 26. Qa7 Rfb8 27. Bxa6 Qd8 28. Bd3 Qc8 29. Bxe4 dxe4 30. Rf2 Qc4 31. Ra3 Ba4 32. Bc5 1/2-1/2

[Event "FICGS rapid A 000282 email"]
[Site "FICGS email"]
[Date "2022.06.12"]
[Round "1"]
[White "Rodriguez Perez, Rene"]
[Black "Zerowska, Patrycja"]
[Result "1/2-1/2"]
[WhiteElo "2128"]
[BlackElo "1900"]
[PlyCount "103"]
[EventDate "2022.??.??"]
[EventType "tourn (rapid)"]
[EventRounds "6"]
[SourceTitle "Corr 2024"]
[Source "ChessBase"]
[SourceDate "2023.10.19"]
[SourceVersion "1"]
[SourceVersionDate "2023.10.19"]
[SourceQuality "1"]

1. e4 e5 2. Nf3 Nc6 3. Bb5 g6 4. c3 a6 5. Ba4 Bg7 6. d4 b5 7. Bb3 exd4 8. cxd4 Nge7 9. 0-0 0-0 10. d5 Na5 11. Bd2 Nxb3 12. Qxb3 d6 13. Ba5 Bg4 14. Nbd2 Qd7 15. Bc3 Bxc3 16. Qxc3 Bxf3 17. Qxf3 f5 18. Qd3 Rae8 19. f3 g5 20. Qe3 h6 21. Rac1 Rf7 22. Qa3 Ng6 23. Qxa6 Nf4 24. Kh1 Nd3 25. Rcd1 Nc5 26. Qa5 fxe4 27. Nxe4 Nxe4 28. fxe4 Rxe4 29. Rxf7 Kxf7 30. h3 Re3 31. Rf1+ Kg6 32. Qd2 Qe7 33. Qc2+ Kg7 34. a3 h5 35. b3 Kh6 36. a4 g4 37. Qd2 Kg6 38. Qf2 gxh3 39. Qf5+ Kg7 40. gxh3 Qe4+ 41. Qxe4 Rxe4 42. a5 Re3 43. a6 Rxh3+ 44. Kg2 Re3 45. a7 Re8 46. Rc1 Ra8 47. Rxc7+ Kf6 48. Rh7 Kg6 49. Rc7 Kf6 50. b4 Ke5 51. Kg3 Kxd5 52. Kf4 1/2-1/2

[Event "FICGS rapid M 000131 email"]
[Site "FICGS email"]
[Date "2022.06.07"]
[Round "1"]
[White "Ligon, Scott"]
[Black "Rodriguez Perez, Rene"]
[Result "1-0"]
[WhiteElo "2298"]
[BlackElo "2128"]
[PlyCount "73"]
[EventDate "2022.??.??"]
[EventType "tourn (rapid)"]
[EventRounds "6"]
[SourceTitle "Corr 2024"]
[Source "ChessBase"]
[SourceDate "2023.10.19"]
[SourceVersion "1"]
[SourceVersionDate "2023.10.19"]
[SourceQuality "1"]

1. c4 e6 2. d4 f5 3. g3 Nf6 4. Bg2 c6 5. Nd2 d5 6. Nh3 Bd6 7. 0-0 h6 8. Qc2 Qe7 9. Nf3 g5 10. Ne5 Rg8 11. f4 g4 12. Nf2 h5 13. Bd2 h4 14. gxh4 Qh7 15. Be1 Be7 16. Nd1 Nbd7 17. cxd5 Nxd5 18. e4 Nxe5 19. dxe5 fxe4 20. Bxe4 Qh6 21. Qb3 b6 22. Rc1 Bxh4 23. Bxh4 Qxh4 24. Qg3 Qxg3+ 25. hxg3 Bb7 26. Bxd5 exd5 27. Ne3 Kd7 28. Rcd1 Ke6 29. Rde1 Ba6 30. f5+ Kxe5 31. Rf4 Kd6 32. f6 Rg5 33. f7 Rf8 34. Nf5+ Rxf5 35. Rxf5 Kd7 36. Rf6 Bc4 37. Re8 1-0

[Event "FICGS rapid M 000131 email"]
[Site "FICGS email"]
[Date "2022.06.07"]
[Round "1"]
[White "Ozen, Bahadir"]
[Black "Rodriguez Perez, Rene"]
[Result "1/2-1/2"]
[WhiteElo "2294"]
[BlackElo "2128"]
[PlyCount "85"]
[EventDate "2022.??.??"]
[EventType "tourn (rapid)"]
[EventRounds "6"]
[SourceTitle "Corr 2024"]
[Source "ChessBase"]
[SourceDate "2023.10.19"]
[SourceVersion "1"]
[SourceVersionDate "2023.10.19"]
[SourceQuality "1"]

1. d4 e6 2. c4 f5 3. g3 Nf6 4. Bg2 c6 5. Nf3 d5 6. 0-0 Bd6 7. b3 0-0 8. Ba3 Bxa3 9. Nxa3 b6 10. Nc2 Bb7 11. Nce1 Qd6 12. Nd3 Ne4 13. Rc1 Nd7 14. Rc2 Rac8 15. Qa1 dxc4 16. Rxc4 Rfd8 17. Rfc1 h6 18. Nfe5 Nxe5 19. dxe5 Qd7 20. Bxe4 fxe4 21. Rxe4 c5 22. Re3 Qd4 23. Kf1 b5 24. Ne1 Qxa1 25. Rxa1 c4 26. f3 a5 27. bxc4 Rxc4 28. Ra3 Ra8 29. Rb3 Bc6 30. a3 Rd8 31. h4 g5 32. Kf2 gxh4 33. gxh4 Rxh4 34. Ng2 Rc4 35. Rh1 Kg7 36. Rbb1 Rh8 37. Rbg1 Kf7 38. Ne3 Rc5 39. Rh4 h5 40. Rf4+ Ke8 41. Rg7 Kd8 42. Ng2 Kc8 43. Rf6 1/2-1/2

[Event "FICGS W-ch st1 g03 email"]
[Site "FICGS email"]
[Date "2022.03.14"]
[Round "1"]
[White "Rodriguez Perez, Rene"]
[Black "Bovary, Charles"]
[Result "1-0"]
[WhiteElo "2130"]
[BlackElo "2089"]
[PlyCount "55"]
[EventDate "2022.??.??"]
[EventType "tourn (corr)"]
[EventRounds "6"]
[SourceTitle "Corr 2024"]
[Source "ChessBase"]
[SourceDate "2023.10.19"]
[SourceVersion "1"]
[SourceVersionDate "2023.10.19"]
[SourceQuality "1"]

1. e4 e5 2. Nf3 Nc6 3. Bb5 a6 4. Bxc6 dxc6 5. 0-0 Qd6 6. Na3 b5 7. c3 c5 8. Nc2 Bb7 9. Re1 Ne7 10. a4 b4 11. Qe2 Nc6 12. d3 0-0-0 13. Rd1 Qe6 14. Ne3 h6 15. Nc4 g6 16. Nfd2 f5 17. f3 f4 18. Nb3 g5 19. Bd2 h5 20. Be1 g4 21. Bf2 h4 22. fxg4 h3 23. Qf3 Rh7 24. g3 fxg3 25. hxg3 h2+ 26. Kh1 Rf7 27. Qe2 Rg7 28. Kxh2 1-0

[Event "FICGS rapid A 000279 email"]
[Site "FICGS email"]
[Date "2022.01.29"]
[Round "1"]
[White "Cruz Ramirez, Eliecer"]
[Black "Rodriguez Perez, Rene"]
[Result "0-1"]
[WhiteElo "1983"]
[BlackElo "2137"]
[PlyCount "80"]
[EventDate "2022.??.??"]
[EventType "tourn (rapid)"]
[EventRounds "6"]
[SourceTitle "Corr 2024"]
[Source "ChessBase"]
[SourceDate "2023.10.19"]
[SourceVersion "1"]
[SourceVersionDate "2023.10.19"]
[SourceQuality "1"]

1. e4 e6 2. d3 d5 3. Nd2 Nf6 4. Ngf3 c5 5. g3 Nc6 6. Bg2 Be7 7. 0-0 0-0 8. Re1 Qc7 9. exd5 exd5 10. Nf1 d4 11. c3 Bf5 12. cxd4 cxd4 13. Bf4 Bd6 14. Bxd6 Qxd6 15. Rc1 Nb4 16. Nh4 Bg4 17. Qb3 Be6 18. Rxe6 fxe6 19. Nf3 Nbd5 20. N1d2 Rfe8 21. Re1 Re7 22. a3 Rae8 23. Nxd4 Qb6 24. Qxb6 Nxb6 25. Re5 Rd8 26. N2f3 Nbd7 27. Re1 g6 28. Nb3 Rc8 29. Nfd4 Rc7 30. f4 Nc5 31. Nxc5 Rxc5 32. Bf1 Kf7 33. Bg2 Rec7 34. Bh3 Rc1 35. Kf2 Rxe1 36. Kxe1 Rc1+ 37. Ke2 Ke7 38. Bxe6 Rh1 39. h4 Rh2+ 40. Kf3 Rxb2 0-1